[Event "DEM U10w 2017"]
[Site "Willingen GER"]
[Date "2017.06.05"]
[Round "4"]
[White "Ulrich, Helena Irene"]
[Black "Khanbekyan, Nare"]
[Result "1-0"]
[Termination "normal"]
[Board "14"]
[WhiteElo "1097"]
[BlackElo "952"]
[PlyCount "75"]
[WhiteFideId "16256000"]
[BlackFideId "16270916"]
[EventCountry "GER"]
[EventRounds "11"]
[EventType "swiss"]
[EventDate "2017.06.03"]

1. e4 e5 2. Nf3 Nc6 3. Bb5 a6 4. Ba4 b5 5. Bb3 Nf6 6. d3 d6 7. c3 Bg4 8. O-O b4
9. Nbd2 d5 10. Ba4 Bc5 11. Bxc6+ Bd7 12. Bxa8 Qxa8 13. Nxe5 Be6 14. Qe2 O-O 15.
a3 bxc3 16. bxc3 d4 17. c4 Rb8 18. Rb1 Re8 19. h3 Bc8 20. Ng4 Nxg4 21. hxg4 Re6
22. Nf3 Rf6 23. g5 Rg6 24. Qb2 Rb6 25. Qa1 Rc6 26. Bf4 Bg4 27. Ne5 Re6 28. Nxg4
c6 29. Rb8+ Re8 30. Rxa8 Rxa8 31. Ne5 h5 32. gxh6 g6 33. Nxc6 Kh7 34. Nxd4 Rd8
35. Ne6 Rg8 36. Nxc5 a5 37. Rb1 Rg7 38. Qxg7# 1-0

[Event "DEM U10w 2017"]
[Site "Willingen GER"]
[Date "2017.06.05"]
[Round "4"]
[White "Pröttel, Ela"]
[Black "Hebestreit, Marie"]
[Result "1/2-1/2"]
[Termination "normal"]
[Board "15"]
[WhiteElo "1050"]
[BlackElo "896"]
[PlyCount "41"]
[WhiteFideId "44582749"]
[EventCountry "GER"]
[EventRounds "11"]
[EventType "swiss"]
[EventDate "2017.06.03"]

1. e4 e5 2. Nf3 Nc6 3. Bc4 Nf6 4. Ng5 d5 5. exd5 Na5 6. Bb5+ c6 7. dxc6 bxc6 8.
Qf3 Bd7 9. Bd3 Bg4 10. Qe3 Bd6 11. h3 Be6 12. b3 Nd5 13. Nxe6 fxe6 14. Qe2 Nf4
15. Qg4 O-O 16. O-O Bc5 17. Bb2 Qf6 18. Qg3 Nh5 19. Qf3 Qxf3 20. gxf3 Rxf3 21.
Nc3 1/2-1/2

[Event "DEM U10w 2017"]
[Site "Willingen GER"]
[Date "2017.06.05"]
[Round "4"]
[White "Heinze, Sofie"]
[Black "Claussen, Kim Sophie"]
[Result "1-0"]
[Termination "normal"]
[Board "16"]
[WhiteElo "850"]
[BlackElo "845"]
[PlyCount "55"]
[WhiteFideId "16226461"]
[EventCountry "GER"]
[EventRounds "11"]
[EventType "swiss"]
[EventDate "2017.06.03"]

1. d4 d6 2. e4 Nf6 3. Nc3 Bg4 4. Nf3 a6 5. h3 Bh5 6. Be2 Nc6 7. g4 Bg6 8. Bd3
e6 9. h4 e5 10. d5 Nb4 11. h5 Nxd3+ 12. Qxd3 Bxe4 13. Nxe4 c6 14. Nxf6+ Qxf6
15. dxc6 bxc6 16. Qc4 d5 17. Qd3 e4 18. g5 Qf5 19. Qc3 Qe6 20. Nd4 Qd6 21. Nxc6
Rc8 22. Bd2 Rxc6 23. Qh3 Be7 24. O-O-O O-O 25. h6 gxh6 26. gxh6 Qc5 27. Qg3+
Kh8 28. Qg7# 1-0

[Event "DEM U10w 2017"]
[Site "Willingen GER"]
[Date "2017.06.05"]
[Round "4"]
[White "Youness, Jolie"]
[Black "Heuberger, Sandra"]
[Result "1-0"]
[Termination "normal"]
[Board "17"]
[WhiteElo "768"]
[BlackElo "902"]
[PlyCount "61"]
[BlackFideId "16232151"]
[EventCountry "GER"]
[EventRounds "11"]
[EventType "swiss"]
[EventDate "2017.06.03"]

1. e4 e5 2. Nf3 Nc6 3. Bc4 Bc5 4. d3 h6 5. Nc3 Nf6 6. Nd5 Nxd5 7. Bxd5 d6 8. c3
Be6 9. Bxc6+ bxc6 10. d4 exd4 11. cxd4 Bb4+ 12. Bd2 a5 13. a3 Bxd2+ 14. Nxd2
O-O 15. d5 cxd5 16. Rc1 d4 17. Nf3 c5 18. e5 Re8 19. O-O dxe5 20. Rxc5 e4 21.
Nxd4 Bd7 22. Nc6 Qe7 23. Nxe7+ Rxe7 24. Re1 Rae8 25. Rc3 Re6 26. f3 Bb5 27. Rc5
Ba6 28. Rc7 e3 29. Qd7 Re5 30. Qxf7+ Kh8 31. Qxg7# 1-0

[Event "DEM U10w 2017"]
[Site "Willingen GER"]
[Date "2017.06.05"]
[Round "4"]
[White "Margaryan, Venera"]
[Black "Truong, Bao Ngoc"]
[Result "1-0"]
[Termination "normal"]
[Board "18"]
[WhiteElo "773"]
[BlackElo "749"]
[PlyCount "57"]
[WhiteFideId "16266226"]
[EventCountry "GER"]
[EventRounds "11"]
[EventType "swiss"]
[EventDate "2017.06.03"]

1. d4 c5 2. Nf3 e6 3. Nc3 Nf6 4. Bf4 Nc6 5. e3 g6 6. Bd3 Nb4 7. O-O d5 8. Bb5+
Bd7 9. Bxd7+ Qxd7 10. Ne5 Qe7 11. Qe2 cxd4 12. exd4 Qd8 13. Qb5+ Nd7 14. Qxb7
Rb8 15. Qxa7 Qb6 16. Qxb6 Rxb6 17. Nxd7 Kxd7 18. Na4 Ra6 19. b3 Nxc2 20. Rac1
Nxd4 21. Rc7+ Ke8 22. Be5 Nc6 23. Bxh8 Bd6 24. Rb7 e5 25. Nb6 Nd4 26. Bf6 Ne2+
27. Kh1 Rxa2 28. Rd7 Bc5 29. Rd8# 1-0

[Event "DEM U10w 2017"]
[Site "Willingen GER"]
[Date "2017.06.06"]
[Round "5"]
[White "Roncea, Andreea-Alexandra"]
[Black "Peglau, Dora"]
[Result "1-0"]
[Termination "normal"]
[Board "1"]
[WhiteElo "1361"]
[BlackElo "1159"]
[WhiteClock "00:19:56"]
[BlackClock "00:22:13"]
[PlyCount "93"]
[WhiteFideId "16233115"]
[BlackFideId "16220005"]
[EventCountry "GER"]
[EventRounds "11"]
[EventType "swiss"]
[EventDate "2017.06.03"]

1. e4 {[%clk 1:15:58]} 1... d6 {[%clk 1:15:51]} 2. d4 {[%clk 1:16:21]} 2... Nd7
{[%clk 1:16:16]} 3. Nf3 {[%clk 1:16:37]} 3... e5 {[%clk 1:13:37]} 4. c3 { [%clk
1:16:23]} 4... Be7 {[%clk 1:13:52]} 5. Bd3 {[%clk 1:15:47]} 5... Ngf6 { [%clk
1:14:04]} 6. Nbd2 {[%clk 1:14:55]} 6... O-O {[%clk 1:13:59]} 7. O-O { [%clk
1:14:39]} 7... Nb6 {[%clk 1:13:28]} 8. Bc2 {[%clk 1:11:58]} 8... Bd7 { [%clk
1:12:01]} 9. Re1 {[%clk 1:11:57]} 9... Bg4 {[%clk 1:02:49]} 10. h3 { [%clk
1:12:04]} 10... Bh5 {[%clk 1:02:56]} 11. Nf1 {[%clk 1:12:23]} 11... exd4 {[%clk
1:00:15]} 12. cxd4 {[%clk 1:12:38]} 12... Bg6 {[%clk 0:52:52]} 13. Ng3 { [%clk
1:12:11]} 13... h6 {[%clk 0:52:31]} 14. Bd2 {[%clk 0:56:31]} 14... Qd7 { [%clk
0:46:54]} 15. Nh4 {[%clk 0:52:04]} 15... Bh7 {[%clk 0:45:31]} 16. Nhf5 { [%clk
0:50:45]} 16... Rfe8 {[%clk 0:44:33]} 17. Qc1 {[%clk 0:45:47]} 17... Bf8 {[%clk
0:41:39]} 18. b3 {[%clk 0:37:34]} 18... c5 {[%clk 0:34:29]} 19. d5 { [%clk
0:35:23]} 19... c4 {[%clk 0:32:49]} 20. Qb2 {[%clk 0:30:12]} 20... cxb3 { [%clk
0:29:07]} 21. axb3 {[%clk 0:30:18]} 21... a6 {[%clk 0:28:56]} 22. Rac1 { [%clk
0:28:53]} 22... Rac8 {[%clk 0:28:42]} 23. Bc3 {[%clk 0:27:11]} 23... Bxf5
{[%clk 0:25:33]} 24. Nxf5 {[%clk 0:27:28]} 24... Nh5 {[%clk 0:23:35]} 25. g4 {
[%clk 0:24:25]} 25... g6 {[%clk 0:23:12]} 26. Nxd6 {[%clk 0:23:06]} 26... Bxd6
{[%clk 0:22:18]} 27. e5 {[%clk 0:19:42]} 27... Bf8 {[%clk 0:20:55]} 28. gxh5 {
[%clk 0:19:44]} 28... Qxh3 {[%clk 0:21:08]} 29. hxg6 {[%clk 0:18:15]} 29...
Qxc3 {[%clk 0:20:01]} 30. gxf7+ {[%clk 0:18:29]} 30... Kh8 {[%clk 0:19:56]} 31.
fxe8=Q {[%clk 0:18:36]} 31... Qxb2 {[%clk 0:19:52]} 32. Qg6 {[%clk 0:18:34]}
32... Rc7 {[%clk 0:18:42]} 33. Qxb6 {[%clk 0:16:45]} 33... Rg7+ {[%clk 0:18:58]
} 34. Kf1 {[%clk 0:16:47]} 34... Qc3 {[%clk 0:19:07]} 35. Qxh6+ {[%clk 0:16:58]
} 35... Kg8 {[%clk 0:19:10]} 36. Bh7+ {[%clk 0:17:13]} 36... Rxh7 { [%clk
0:19:30]} 37. Qxh7+ {[%clk 0:17:34]} 37... Kxh7 {[%clk 0:19:49]} 38. Rxc3
{[%clk 0:17:59]} 38... Bb4 {[%clk 0:20:07]} 39. Rh3+ {[%clk 0:18:17]} 39... Kg6
{[%clk 0:20:27]} 40. d6 {[%clk 0:17:57]} 40... Kf7 {[%clk 0:20:30]} 41. e6+ {
[%clk 0:17:54]} 41... Kg6 {[%clk 0:20:40]} 42. e7 {[%clk 0:18:11]} 42... Kf7 {
[%clk 0:20:52]} 43. e8=Q+ {[%clk 0:18:30]} 43... Kf6 {[%clk 0:21:09]} 44. Rf3+
{[%clk 0:18:50]} 44... Kg7 {[%clk 0:21:30]} 45. Qf8+ {[%clk 0:19:12]} 45... Kg6
{[%clk 0:21:50]} 46. Rg3+ {[%clk 0:19:34]} 46... Kh5 {[%clk 0:22:13]} 47. Qh8#
{[%clk 0:19:56]} 1-0

[Event "DEM U10w 2017"]
[Site "Willingen GER"]
[Date "2017.06.06"]
[Round "5"]
[White "Pohle, Saskia"]
[Black "Fischer, Darja"]
[Result "1-0"]
[Termination "normal"]
[Board "2"]
[WhiteElo "1416"]
[BlackElo "1196"]
[WhiteClock "00:18:01"]
[BlackClock "01:04:10"]
[PlyCount "71"]
[WhiteFideId "16201604"]
[BlackFideId "16240898"]
[EventCountry "GER"]
[EventRounds "11"]
[EventType "swiss"]
[EventDate "2017.06.03"]

1. e4 {[%clk 1:15:59]} 1... e5 {[%clk 1:15:58]} 2. Nf3 {[%clk 1:16:22]} 2...
Nc6 {[%clk 1:16:23]} 3. d4 {[%clk 1:16:49]} 3... exd4 {[%clk 1:16:49]} 4. Bc4 {
[%clk 1:17:16]} 4... Nf6 {[%clk 1:17:13]} 5. e5 {[%clk 1:17:41]} 5... d5 {
[%clk 1:17:37]} 6. Bb5 {[%clk 1:18:07]} 6... Ne4 {[%clk 1:18:01]} 7. Nxd4 {
[%clk 1:18:32]} 7... Bd7 {[%clk 1:18:24]} 8. Bxc6 {[%clk 1:18:58]} 8... bxc6 {
[%clk 1:18:49]} 9. O-O {[%clk 1:19:20]} 9... Bc5 {[%clk 1:19:13]} 10. Be3 {
[%clk 1:19:38]} 10... Bb6 {[%clk 1:19:30]} 11. f3 {[%clk 1:19:51]} 11... Ng5 {
[%clk 1:19:54]} 12. f4 {[%clk 1:20:15]} 12... Ne4 {[%clk 1:20:20]} 13. Nd2 {
[%clk 1:19:37]} 13... Nxd2 {[%clk 1:20:45]} 14. Qxd2 {[%clk 1:20:02]} 14... c5
{[%clk 1:21:10]} 15. Nf3 {[%clk 1:19:06]} 15... d4 {[%clk 1:21:28]} 16. Bf2 {
[%clk 1:18:35]} 16... O-O {[%clk 1:21:51]} 17. Qd3 {[%clk 1:06:46]} 17... h6 {
[%clk 1:21:06]} 18. Rad1 {[%clk 1:06:40]} 18... Bc6 {[%clk 1:20:19]} 19. Bg3 {
[%clk 1:00:46]} 19... a6 {[%clk 1:18:31]} 20. Nd2 {[%clk 0:51:19]} 20... Qd5 {
[%clk 1:18:40]} 21. Rf2 {[%clk 0:50:27]} 21... Rfe8 {[%clk 1:17:19]} 22. Re1 {
[%clk 0:46:30]} 22... Qxa2 {[%clk 1:16:40]} 23. b3 {[%clk 0:42:35]} 23... Qa5 {
[%clk 1:14:29]} 24. f5 {[%clk 0:41:09]} 24... Qc3 {[%clk 1:13:50]} 25. f6 {
[%clk 0:25:52]} 25... gxf6 {[%clk 1:12:15]} 26. Qe2 {[%clk 0:25:42]} 26... Kf8
{[%clk 1:08:39]} 27. Qh5 {[%clk 0:21:33]} 27... d3 {[%clk 1:03:55]} 28. cxd3 {
[%clk 0:17:50]} 28... c4 {[%clk 1:04:10]} 29. Qxh6+ {[%clk 0:17:08]} 29... Ke7
{[%clk 1:04:29]} 30. Qxf6+ {[%clk 0:17:27]} 30... Kd7 {[%clk 1:04:10]} 31. e6+
{[%clk 0:17:38]} 31... Kc8 {[%clk 1:03:55]} 32. Qxc3 {[%clk 0:17:57]} 32...
Bxf2+ {[%clk 1:04:11]} 33. Bxf2 {[%clk 0:18:13]} 33... Rg8 {[%clk 1:04:22]} 34.
Bg3 {[%clk 0:17:50]} 34... cxd3 {[%clk 1:04:03]} 35. Qxc6 {[%clk 0:18:01]}
35... fxe6 {[%clk 1:04:10]} 36. Qxc7# 1-0

[Event "DEM U10w 2017"]
[Site "Willingen GER"]
[Date "2017.06.06"]
[Round "5"]
[White "von Beckh, Frieda"]
[Black "Trunz, Michelle"]
[Result "1-0"]
[Termination "normal"]
[Board "3"]
[WhiteElo "1248"]
[BlackElo "1340"]
[WhiteClock "01:14:59"]
[BlackClock "01:12:03"]
[PlyCount "43"]
[WhiteFideId "16233751"]
[BlackFideId "16227980"]
[EventCountry "GER"]
[EventRounds "11"]
[EventType "swiss"]
[EventDate "2017.06.03"]

1. e4 {[%clk 1:15:56]} 1... c5 {[%clk 1:15:50]} 2. d4 {[%clk 1:16:20]} 2...
cxd4 {[%clk 1:16:10]} 3. c3 {[%clk 1:16:44]} 3... dxc3 {[%clk 1:16:27]} 4. Nxc3
{[%clk 1:17:08]} 4... Nc6 {[%clk 1:16:30]} 5. Nf3 {[%clk 1:17:27]} 5... e6 {
[%clk 1:16:37]} 6. Bc4 {[%clk 1:17:43]} 6... a6 {[%clk 1:16:56]} 7. O-O { [%clk
1:17:54]} 7... Nge7 {[%clk 1:16:48]} 8. Be3 {[%clk 1:17:51]} 8... Ng6 { [%clk
1:16:52]} 9. Qe2 {[%clk 1:18:02]} 9... Be7 {[%clk 1:16:59]} 10. Rfd1 { [%clk
1:18:22]} 10... b5 {[%clk 1:16:46]} 11. Bb3 {[%clk 1:17:38]} 11... Na5 { [%clk
1:17:06]} 12. Bc2 {[%clk 1:17:14]} 12... Nc4 {[%clk 1:17:16]} 13. b3 { [%clk
1:15:55]} 13... Nxe3 14. Qxe3 {[%clk 1:16:10]} 14... O-O {[%clk 1:17:19]} 15.
Rac1 {[%clk 1:15:59]} 15... d6 {[%clk 1:16:06]} 16. Qe2 {[%clk 1:15:31]} 16...
Bd7 {[%clk 1:16:18]} 17. e5 {[%clk 1:15:08]} 17... dxe5 {[%clk 1:13:52]} 18.
Bxg6 {[%clk 1:14:44]} 18... fxg6 {[%clk 1:13:26]} 19. Nxe5 {[%clk 1:14:47]}
19... Ra7 {[%clk 1:13:21]} 20. Nxd7 {[%clk 1:14:46]} 20... Rxd7 {[%clk 1:13:14]
} 21. Qxe6+ {[%clk 1:14:59]} 21... Kh8 {[%clk 1:12:03]} 22. Rxd7 1-0

[Event "DEM U10w 2017"]
[Site "Willingen GER"]
[Date "2017.06.06"]
[Round "5"]
[White "Labuda, Annika"]
[Black "Keymer, Cecilia"]
[Result "1-0"]
[Termination "normal"]
[Board "4"]
[WhiteElo "1144"]
[BlackElo "1311"]
[WhiteClock "01:05:56"]
[BlackClock "00:20:10"]
[PlyCount "109"]
[WhiteFideId "16261453"]
[BlackFideId "16233468"]
[EventCountry "GER"]
[EventRounds "11"]
[EventType "swiss"]
[EventDate "2017.06.03"]

1. e4 {[%clk 1:15:58]} 1... e5 {[%clk 1:15:54]} 2. Nf3 {[%clk 1:16:20]} 2...
Nc6 {[%clk 1:16:18]} 3. Nc3 {[%clk 1:16:34]} 3... Nf6 {[%clk 1:16:34]} 4. Bb5 {
[%clk 1:16:50]} 4... Bb4 {[%clk 1:16:34]} 5. O-O {[%clk 1:16:57]} 5... O-O {
[%clk 1:12:30]} 6. d3 6... d6 {[%clk 1:11:07]} 7. h3 {[%clk 1:16:20]} 7... Bd7
{[%clk 1:08:24]} 8. Bg5 {[%clk 1:16:28]} 8... Bxc3 {[%clk 1:08:40]} 9. bxc3 {
[%clk 1:16:41]} 9... h6 {[%clk 1:05:42]} 10. Bh4 {[%clk 1:16:56]} 10... Qe7 {
[%clk 1:03:34]} 11. Qe2 {[%clk 1:11:51]} 11... a6 {[%clk 0:56:51]} 12. Ba4
12... b5 {[%clk 0:50:51]} 13. Bb3 {[%clk 1:11:25]} 13... Nd8 {[%clk 0:41:39]}
14. Bd5 {[%clk 1:11:25]} 14... Bc6 {[%clk 0:41:32]} 15. Bxc6 {[%clk 1:11:35]}
15... Nxc6 {[%clk 0:41:53]} 16. Nd2 {[%clk 1:08:28]} 16... Rfe8 {[%clk 0:37:46]
} 17. Qf3 {[%clk 1:08:32]} 17... Qe6 {[%clk 0:34:16]} 18. Bxf6 {[%clk 1:08:35]}
18... Qxf6 {[%clk 0:34:15]} 19. Qxf6 {[%clk 1:08:10]} 19... gxf6 { [%clk
0:34:32]} 20. Rfe1 {[%clk 1:07:58]} 20... Kh8 {[%clk 0:34:20]} 21. f3 { [%clk
1:07:54]} 21... Rg8 {[%clk 0:34:30]} 22. Re2 {[%clk 1:07:44]} 22... Rg7 { [%clk
0:34:14]} 23. g4 {[%clk 1:06:59]} 23... Rag8 {[%clk 0:33:02]} 24. Rb1 { [%clk
1:07:02]} 24... h5 {[%clk 0:32:16]} 25. Rg2 {[%clk 1:06:52]} 25... Rg5 { [%clk
0:28:45]} 26. c4 {[%clk 1:06:53]} 26... b4 {[%clk 0:25:44]} 27. Rf1 { [%clk
1:02:55]} 27... Nd4 {[%clk 0:20:18]} 28. f4 {[%clk 1:01:18]} 28... R5g7 { [%clk
0:20:13]} 29. fxe5 {[%clk 1:01:17]} 29... fxe5 {[%clk 0:20:28]} 30. Nf3 { [%clk
1:00:22]} 30... Nxf3+ {[%clk 0:19:14]} 31. Rxf3 {[%clk 1:00:45]} 31... hxg4
{[%clk 0:19:29]} 32. hxg4 {[%clk 1:01:09]} 32... Rxg4 {[%clk 0:19:50]} 33. Rh3+
{[%clk 1:01:25]} 33... Kg7 {[%clk 0:18:25]} 34. Rxg4+ {[%clk 1:01:48]} 34...
Kf8 {[%clk 0:18:40]} 35. Rxg8+ {[%clk 1:02:13]} 35... Kxg8 { [%clk 0:19:06]}
36. Kf2 {[%clk 1:02:17]} 36... a5 {[%clk 0:19:20]} 37. Rh1 { [%clk 1:02:35]}
37... c5 {[%clk 0:19:05]} 38. Rc1 {[%clk 1:02:59]} 38... Kf8 { [%clk 0:19:16]}
39. c3 {[%clk 1:03:07]} 39... Ke7 {[%clk 0:19:15]} 40. cxb4 { [%clk 1:03:26]}
40... axb4 {[%clk 0:19:37]} 41. Ke3 {[%clk 1:03:26]} 41... f6 { [%clk 0:19:49]}
42. Ra1 {[%clk 1:02:53]} 42... Ke6 {[%clk 0:19:33]} 43. a3 { [%clk 1:03:14]}
43... bxa3 {[%clk 0:19:37]} 44. Rxa3 {[%clk 1:03:37]} 44... f5 {[%clk 0:20:00]}
45. exf5+ {[%clk 1:03:57]} 45... Kxf5 {[%clk 0:20:24]} 46. Ra8 {[%clk 1:03:50]}
46... Ke6 {[%clk 0:20:18]} 47. Ke4 {[%clk 1:03:38]} 47... Ke7 {[%clk 0:19:09]}
48. Kd5 {[%clk 1:03:58]} 48... Kd7 {[%clk 0:18:48]} 49. Ra7+ { [%clk 1:04:24]}
49... Kc8 {[%clk 0:18:56]} 50. Kxd6 {[%clk 1:04:45]} 50... Kb8 {[%clk 0:18:59]}
51. Rh7 {[%clk 1:05:03]} 51... Kc8 {[%clk 0:19:02]} 52. Kxe5 { [%clk 1:05:22]}
52... Kd8 {[%clk 0:19:26]} 53. Kd6 {[%clk 1:05:35]} 53... Ke8 { [%clk 0:19:45]}
54. Ra7 {[%clk 1:05:56]} 54... Kd8 {[%clk 0:20:10]} 55. Ra8# 1-0

[Event "DEM U10w 2017"]
[Site "Willingen GER"]
[Date "2017.06.06"]
[Round "5"]
[White "Sohr, Luna"]
[Black "Winkler, Sarah"]
[Result "0-1"]
[Termination "normal"]
[Board "5"]
[WhiteElo "1199"]
[BlackElo "1251"]
[WhiteClock "00:26:22"]
[BlackClock "00:36:58"]
[PlyCount "136"]
[WhiteFideId "16251261"]
[BlackFideId "16274431"]
[EventCountry "GER"]
[EventRounds "11"]
[EventType "swiss"]
[EventDate "2017.06.03"]

1. e4 {[%clk 1:15:56]} 1... e5 {[%clk 1:15:54]} 2. Nf3 {[%clk 1:16:17]} 2...
Nc6 {[%clk 1:16:17]} 3. Nc3 {[%clk 1:16:20]} 3... Nf6 {[%clk 1:16:38]} 4. Bb5 {
[%clk 1:16:11]} 4... Bb4 {[%clk 1:16:54]} 5. O-O {[%clk 1:15:44]} 5... O-O {
[%clk 1:17:19]} 6. d3 {[%clk 1:15:15]} 6... d6 {[%clk 1:17:41]} 7. Bg5 { [%clk
1:14:37]} 7... Bxc3 {[%clk 1:18:04]} 8. bxc3 {[%clk 1:14:35]} 8... Qe7 { [%clk
1:18:09]} 9. Bxc6 {[%clk 1:13:53]} 9... bxc6 {[%clk 1:18:24]} 10. Re1 { [%clk
1:10:17]} 10... h6 {[%clk 1:17:28]} 11. Bh4 {[%clk 1:09:44]} 11... Re8 { [%clk
1:12:24]} 12. Rb1 {[%clk 1:07:08]} 12... Be6 {[%clk 1:12:21]} 13. a3 { [%clk
1:06:14]} 13... Rab8 {[%clk 1:12:02]} 14. Rxb8 {[%clk 1:05:10]} 14... Rxb8
{[%clk 1:12:19]} 15. d4 {[%clk 1:04:34]} 15... Bg4 {[%clk 1:10:57]} 16. h3
{[%clk 1:03:40]} 16... Bh5 {[%clk 1:11:12]} 17. Qd3 {[%clk 1:02:48]} 17... Bg6
{[%clk 1:09:24]} 18. Nh2 {[%clk 0:53:36]} 18... Qe6 {[%clk 0:57:14]} 19. Bxf6 {
[%clk 0:52:02]} 19... Qxf6 {[%clk 0:56:16]} 20. Qf3 {[%clk 0:51:08]} 20... Qxf3
{[%clk 0:54:39]} 21. Nxf3 {[%clk 0:50:45]} 21... Rb2 {[%clk 0:54:41]} 22. dxe5
{[%clk 0:50:15]} 22... Rxc2 {[%clk 0:54:40]} 23. exd6 {[%clk 0:49:56]} 23...
cxd6 {[%clk 0:54:57]} 24. Re3 {[%clk 0:46:45]} 24... Ra2 {[%clk 0:54:11]} 25.
c4 {[%clk 0:45:54]} 25... Rb2 {[%clk 0:49:54]} 26. Nd4 {[%clk 0:43:50]} 26...
Rb6 {[%clk 0:48:57]} 27. f4 {[%clk 0:41:56]} 27... f6 {[%clk 0:47:40]} 28. e5 {
[%clk 0:39:51]} 28... fxe5 {[%clk 0:47:31]} 29. fxe5 {[%clk 0:39:57]} 29...
dxe5 {[%clk 0:46:47]} 30. Rxe5 {[%clk 0:39:43]} 30... Ra6 {[%clk 0:46:20]} 31.
Re6 {[%clk 0:39:11]} 31... Bf7 {[%clk 0:46:05]} 32. Rxc6 {[%clk 0:38:26]} 32...
Rxa3 {[%clk 0:45:34]} 33. Nb5 {[%clk 0:37:02]} 33... Ra4 {[%clk 0:45:16]} 34.
Rc8+ {[%clk 0:36:36]} 34... Kh7 {[%clk 0:45:22]} 35. c5 {[%clk 0:35:58]} 35...
a5 {[%clk 0:44:18]} 36. c6 {[%clk 0:35:50]} 36... Rc4 {[%clk 0:43:56]} 37. Nd6
{[%clk 0:35:07]} 37... Rc1+ {[%clk 0:44:14]} 38. Kh2 {[%clk 0:34:26]} 38... Be6
{[%clk 0:43:27]} 39. Rc7 {[%clk 0:33:37]} 39... Bd5 {[%clk 0:43:23]} 40. Nf5 {
[%clk 0:32:00]} 40... Kh8 {[%clk 0:40:32]} 41. Rxg7 {[%clk 0:30:26]} 41... Bxc6
{[%clk 0:37:20]} 42. Ra7 {[%clk 0:29:14]} 42... a4 {[%clk 0:37:38]} 43. Nxh6 {
[%clk 0:29:02]} 43... Ra1 {[%clk 0:35:21]} 44. Kg3 {[%clk 0:28:08]} 44... a3 {
[%clk 0:35:37]} 45. Kg4 {[%clk 0:28:02]} 45... a2 {[%clk 0:35:11]} 46. Kg5 {
[%clk 0:27:17]} 46... Be4 {[%clk 0:33:23]} 47. Nf5 {[%clk 0:26:46]} 47... Bxf5
{[%clk 0:33:16]} 48. Kxf5 {[%clk 0:22:45]} 48... Rf1+ {[%clk 0:33:35]} 49. Kg6
{[%clk 0:22:23]} 49... a1=Q {[%clk 0:33:17]} 50. Rxa1 {[%clk 0:22:30]} 50...
Rxa1 {[%clk 0:33:39]} 51. h4 {[%clk 0:22:24]} 51... Ra6+ {[%clk 0:33:56]} 52.
Kg5 {[%clk 0:22:36]} 52... Kg7 {[%clk 0:34:13]} 53. g3 {[%clk 0:22:37]} 53...
Ra5+ {[%clk 0:34:28]} 54. Kg4 {[%clk 0:22:56]} 54... Kg6 {[%clk 0:34:55]} 55.
Kh3 {[%clk 0:23:09]} 55... Ra4 {[%clk 0:34:11]} 56. g4 {[%clk 0:23:21]} 56...
Kf6 {[%clk 0:34:06]} 57. g5+ {[%clk 0:23:24]} 57... Kg6 {[%clk 0:34:30]} 58.
Kg3 {[%clk 0:23:36]} 58... Kh5 {[%clk 0:34:50]} 59. Kf3 {[%clk 0:23:57]} 59...
Rxh4 {[%clk 0:34:47]} 60. g6 {[%clk 0:23:59]} 60... Kxg6 {[%clk 0:35:11]} 61.
Ke3 {[%clk 0:24:19]} 61... Kf5 {[%clk 0:35:09]} 62. Kd3 {[%clk 0:24:43]} 62...
Ke5 {[%clk 0:35:26]} 63. Ke3 {[%clk 0:24:59]} 63... Rh3+ {[%clk 0:35:44]} 64.
Kf2 {[%clk 0:25:22]} 64... Kf4 {[%clk 0:36:04]} 65. Kg2 {[%clk 0:25:40]} 65...
Rd3 {[%clk 0:36:22]} 66. Kh2 {[%clk 0:25:52]} 66... Kg4 {[%clk 0:36:43]} 67.
Kh1 {[%clk 0:26:00]} 67... Kg3 {[%clk 0:36:58]} 68. Kg1 {[%clk 0:26:22]} 68...
Rd1# 0-1

[Event "DEM U10w 2017"]
[Site "Willingen GER"]
[Date "2017.06.06"]
[Round "5"]
[White "Englert, Lin"]
[Black "Zhou, Lepu Coco"]
[Result "1/2-1/2"]
[Termination "normal"]
[Board "6"]
[WhiteElo "1165"]
[BlackElo "1592"]
[WhiteClock "00:54:53"]
[BlackClock "00:41:07"]
[PlyCount "41"]
[WhiteFideId "16226410"]
[BlackFideId "16217136"]
[EventCountry "GER"]
[EventRounds "11"]
[EventType "swiss"]
[EventDate "2017.06.03"]

1. e4 {[%clk 1:15:58]} 1... e5 {[%clk 1:15:54]} 2. Nf3 {[%clk 1:16:20]} 2...
Nc6 {[%clk 1:16:18]} 3. Bc4 {[%clk 1:16:37]} 3... Nf6 {[%clk 1:16:43]} 4. d3 {
[%clk 1:16:49]} 4... Be7 {[%clk 1:17:05]} 5. c3 {[%clk 1:16:47]} 5... O-O {
[%clk 1:17:29]} 6. Nbd2 {[%clk 1:16:34]} 6... d6 {[%clk 1:17:32]} 7. h3 { [%clk
1:16:53]} 7... Na5 {[%clk 1:17:53]} 8. Bb3 {[%clk 1:16:52]} 8... Nxb3 { [%clk
1:17:44]} 9. axb3 {[%clk 1:16:56]} 9... Be6 {[%clk 1:17:50]} 10. Nf1 { [%clk
1:16:59]} 10... Nh5 {[%clk 1:15:19]} 11. Be3 {[%clk 1:13:11]} 11... Nf4 { [%clk
1:13:58]} 12. Bxf4 {[%clk 1:12:32]} 12... exf4 {[%clk 1:14:19]} 13. N1d2 {[%clk
1:12:40]} 13... f5 {[%clk 1:11:54]} 14. Qe2 {[%clk 1:10:11]} 14... Qe8 { [%clk
1:05:04]} 15. e5 {[%clk 0:59:48]} 15... d5 {[%clk 1:05:16]} 16. Nd4 { [%clk
0:59:22]} 16... Qg6 {[%clk 0:59:52]} 17. Nxe6 {[%clk 0:58:29]} 17... Qxe6
{[%clk 1:00:12]} 18. d4 {[%clk 0:58:05]} 18... Qg6 {[%clk 0:55:25]} 19. Rg1 {
[%clk 0:56:50]} 19... c6 {[%clk 0:44:43]} 20. Qf3 {[%clk 0:54:53]} 20... Bg5 {
[%clk 0:41:07]} 21. b4 1/2-1/2